Trusting God in a family crisis / (Record no. 6600)
[ view plain ]
| 000 -LEADER | |
|---|---|
| fixed length control field | 00895pam a2200253 a 4500 |
| 001 - CONTROL NUMBER | |
| control field | 2976017 |
| 005 - DATE AND TIME OF LATEST TRANSACTION | |
| control field | 20250619140228.0 |
| 008 - FIXED-LENGTH DATA ELEMENTS--GENERAL INFORMATION | |
| fixed length control field | 920312r19921989ilua b 000 0aeng |
| 020 ## - INTERNATIONAL STANDARD BOOK NUMBER | |
| International Standard Book Number | 0830813101 |
| 050 10 - LIBRARY OF CONGRESS CALL NUMBER | |
| Classification number | BR1725.S267 |
| Item number | A3 1992 |
| 082 00 - DEWEY DECIMAL CLASSIFICATION NUMBER | |
| Classification number | 248.8/6/092 |
| -- | B |
| Edition information | 20 |
| 100 1# - MAIN ENTRY--PERSONAL NAME | |
| Personal name | Sanders, Becki Conway, |
| Dates associated with a name | 1961- |
| 245 10 - TITLE STATEMENT | |
| Title | Trusting God in a family crisis / |
| Statement of responsibility, etc. | Becki Conway Sanders & Jim & Sally Conway. |
| 260 ## - PUBLICATION, DISTRIBUTION, ETC. | |
| Place of publication, distribution, etc. | Downers Grove, Ill. : |
| Name of publisher, distributor, etc. | InterVarsity Press, |
| Date of publication, distribution, etc. | [1992], c1989. |
| 300 ## - PHYSICAL DESCRIPTION | |
| Extent | 223, [1] p. : |
| Other physical details | ill. ; |
| Dimensions | 21 cm. |
| 500 ## - GENERAL NOTE | |
| General note | Originally published: What God gives when life takes, 1989. |
| 500 ## - GENERAL NOTE | |
| General note | "Saltshaker books"--Back cover. |
| 650 #0 - SUBJECT ADDED ENTRY--TOPICAL TERM | |
| Topical term or geographic name entry element | Christian biography |
| Geographic subdivision | United States. |
| 650 #0 - SUBJECT ADDED ENTRY--TOPICAL TERM | |
| Topical term or geographic name entry element | Cancer |
| General subdivision | Patients |
| Geographic subdivision | United States |
| General subdivision | Biography. |
| 650 #0 - SUBJECT ADDED ENTRY--TOPICAL TERM | |
| Topical term or geographic name entry element | Cancer |
| General subdivision | Religious aspects |
| -- | Christianity. |
| 700 1# - ADDED ENTRY--PERSONAL NAME | |
| Personal name | Conway, Jim. |
| 700 1# - ADDED ENTRY--PERSONAL NAME | |
| Personal name | Conway, Sally. |
| 942 ## - ADDED ENTRY ELEMENTS (KOHA) | |
| Source of classification or shelving scheme | Library of Congress Classification |
| Koha item type | Books |
| Suppress in OPAC | No |
| 999 ## - | |
| -- | 6600 |
| -- | 6600 |
| Withdrawn status | Lost status | Source of classification or shelving scheme | Damaged status | Not for loan | Collection | Home library | Current library | Shelving location | Date acquired | Total checkouts | Full call number | Barcode | Date last seen | Copy number | Price effective from | Koha item type |
|---|---|---|---|---|---|---|---|---|---|---|---|---|---|---|---|---|
| Library of Congress Classification | Non-fiction | Undergraduate Library (Christ Temple) | Undergraduate Library (Christ Temple) | General stacks | 06/19/2025 | BR1725.S267 SAM | ulct00003456 | 06/19/2025 | 1 | 06/19/2025 | Books | |||||
| Library of Congress Classification | Non-fiction | Undergraduate Library (Christ Temple) | Undergraduate Library (Christ Temple) | General stacks | 06/19/2025 | BR1725.S267 SAM | ulct00003457 | 06/19/2025 | 2 | 06/19/2025 | Books |